Statistics for Geometry Dash Levels

Click here to take the quiz!

General Stats

  • This quiz has been taken 25 times
    (4 since last reset)
  • The average score is 37 of 44

Answer Stats

song made byLevel% Correct
DjviBack On Track
100%
DjviBase After Base
100%
WaterflameBlast Processing
100%
DjviCant Let Go
100%
Dj-NateClubstep
100%
WaterflameClutterfunk
100%
DjviCycles
100%
MDKDash
100%
F-777Deadlocked
100%
DjviDry Out
100%
WaterflameElectroman Adventures
100%
MDKFingerdash
100%
WaterflameGeometrical Dominator
100%
WaterflameHexagon Force
100%
WaterflameJumper
100%
BossfightNock Em
100%
StepPolargeist
100%
Boom KittyPower Trip
100%
MDKPress Start
100%
Forever BoundStereo Madness
100%
Dj-NateeTheory of Everything
100%
Dj-NateTheory of Everything 2
100%
F-777The Viking Arena
100%
WaterflameTime Machine
100%
DjvixStep
100%
F-777Airborne Robots
67%
Dex ArsonBeast Mode
67%
Dj-NateElectrodynamix
67%
Dex ArsonEmbers
67%
HinkikExplorers
67%
MDKFirebird
67%
Dex ArsonFrontlines
67%
Dex ArsonMachina
67%
F-777Monster Dance Off
67%
Dex ArsonPayload
67%
Dex ArsonRound 1
67%
WaterflameSpace Pirates
67%
WaterflameStriker
67%
F-777The Seven Seas
67%
TMM43Ultimate Destruction
67%
Dex ArsonYears
67%
Dj-NateElectrodynamix 2
33%
RobTopThe Challenge
33%
Dj-NateTheory of Everything 3
33%

Score Distribution

Percentile by Number Answered

Percent of People with Each Score

Your Score History

You have not taken this quiz since the last reset